00693 2200181 4500245003800000020002200038250001100060100002100071700001900092650001700111005001900128260003800147041001400185084001100199300002900210500026300239336000900502 aMelangkahcWisnu WidiatmokohText a978-623-7100-06-5 aCet. 1 aWisnu Widiatmoko aIntan Fadillah aNovel Remaja a20240221150102 aJakartabTransMedia Pustakac2018 aIndonesia a808.83 aviii, 196 hlm. :c19 cm. aSeberapa banyak aku terluka saat mencintai, sebanyak itu pula aku belajar untuk menjadi lebih dewasa dalam menyingkapi permasalahan. Semua yang terjadi di hidup, sudah selayaknya dijadikan pelajaran agar kita bisa menjadi pribadi yang tangguh dan lebih baik. atext